Census of State Adult Correctional Facilities, 1979

This census, designed by the Bureau of Justice Statistics and conducted by the United States Census Bureau, includes all state correctional facilities known to the Census Bureau in 1979. Each facility is classified into one of ten categories such as community center, prison farm, road camp, or recep...

Ausführliche Beschreibung

Gespeichert in:  
Bibliographische Detailangaben
Körperschaft: United States Department of Justice. Office of Justice Programs. Bureau of Justice Statistics. VerfasserIn (Verfasst von)
Medienart: Elektronisch Forschungsdaten
Sprache:Englisch
Veröffentlicht: [Erscheinungsort nicht ermittelbar] [Verlag nicht ermittelbar] 1984
In:Jahr: 1984
Online-Zugang: Volltext (kostenfrei)
Verfügbarkeit prüfen: HBZ Gateway
Schlagwörter:

MARC

LEADER 00000cam a22000002c 4500
001 1840064013
003 DE-627
005 20260427204241.0
007 cr uuu---uuuuu
008 230324s1984 xx |||||o 00| ||eng c
024 7 |a 10.3886/ICPSR07852.v2  |2 doi 
035 |a (DE-627)1840064013 
035 |a (DE-599)KXP1840064013 
040 |a DE-627  |b ger  |c DE-627  |e rda 
041 |a eng 
084 |a 2,1  |2 ssgn 
110 2 |a United States Department of Justice. Office of Justice Programs. Bureau of Justice Statistics  |e VerfasserIn  |4 aut 
245 1 0 |a Census of State Adult Correctional Facilities, 1979 
264 1 |a [Erscheinungsort nicht ermittelbar]  |b [Verlag nicht ermittelbar]  |c 1984 
336 |a Text  |b txt  |2 rdacontent 
337 |a Computermedien  |b c  |2 rdamedia 
338 |a Online-Ressource  |b cr  |2 rdacarrier 
520 |a This census, designed by the Bureau of Justice Statistics and conducted by the United States Census Bureau, includes all state correctional facilities known to the Census Bureau in 1979. Each facility is classified into one of ten categories such as community center, prison farm, road camp, or reception center. Data for 1979 include number of inmates by security classification and by sex, number of full- and part-time staff, number of paid and volunteer staff broken down by position, age, pay, and education, number and age of facilities, type of facilities provided in each cell by size of cell, hospital facilities available, programs provided for the inmates, job training, and inmate IQ scores. 
540 |a ICPSR Terms of Use 
650 4 |a correctional facilities 
650 4 |a correctional facilities (adults) 
650 4 |a Corrections 
650 4 |a corrections management 
650 4 |a inmate classification 
650 4 |a inmate deaths 
650 4 |a inmate populations 
650 4 |a inmate programs 
650 4 |a Inmates 
650 4 |a Jails 
650 4 |a personnel 
650 4 |a Prison administration 
650 4 |a Prison conditions 
650 4 |a prison construction 
650 4 |a prison overcrowding 
650 4 |a Prison violence 
655 7 |a Forschungsdaten  |0 (DE-588)1098579690  |0 (DE-627)857755366  |0 (DE-576)469182156  |2 gnd-content 
787 0 8 |i Forschungsdaten zu  |a Richards, Nicole  |t Detailing Changes in State Prisons, 1974-2000, and Explaining Social Unrest as a Function of Social Structure, Institutional Characteristics, and Political Context  |d [Erscheinungsort nicht ermittelbar] : Pennsylvania State University, 2007  |w (DE-627)1912509806 
787 0 8 |i Forschungsdaten zu  |a Jung, Haeil  |t Do prison work-release programs improve subsequent labor market outcomes? Evidence from the adult transition centers in Illinois  |d 2014  |w (DE-627)1912521164 
787 0 8 |i Forschungsdaten zu  |a Weber, Emily A.  |t Essays in Labor Economics  |d [Erscheinungsort nicht ermittelbar] : Boston University, 2021  |w (DE-627)1912539128 
787 0 8 |i Forschungsdaten zu  |a Parker, Karen  |t Gender, Economic Transformation and Urban Health  |d [Erscheinungsort nicht ermittelbar] : United States Department of Justice, National Institute of Justice, 2002  |w (DE-627)191256579X 
787 0 8 |i Forschungsdaten zu  |a Parker, Karen F.  |t Industrial shift, polarized labor markets and urban violence: Modeling the dynamics between the economic transformation and disaggregated homicide  |d 2004  |w (DE-627)1912589850 
787 0 8 |i Forschungsdaten zu  |a Parker, Karen F.  |t A Move Toward Specificity: Examining Urban Disadvantage and Race- and Relationship-Specific Homicide Rates  |d 2001  |w (DE-627)1764278518 
787 0 8 |i Forschungsdaten zu  |a Lawrence, Sarah  |t The New Landscape of Imprisonment: Mapping America's Prison Expansion  |d Urban Institute, 2004  |w (DE-627)1912635933 
787 0 8 |i Forschungsdaten zu  |a Phelps, Michelle  |t The place of punishment: Variation in the provision of inmate services staff across the punitive turn  |d 2012  |w (DE-627)1912651122 
787 0 8 |i Forschungsdaten zu  |a Mullen, Joan  |t Prison crowding and the evolution of public policy  |d 1985  |w (DE-627)1912663406 
787 0 8 |i Forschungsdaten zu  |a Maxwell, Jane  |t Probation in the United States: 1979  |d National Council on Crime and Delinquency, 1981  |w (DE-627)1912665131 
787 0 8 |i Forschungsdaten zu  |a Phelps, Michelle S.  |t Rehabilitation in the punitive era: The gap between rhetoric and reality in U.S. prison programs  |d 2011  |w (DE-627)1912681315 
787 0 8 |i Forschungsdaten zu  |a Ruback, Richard Barry, 1950 -   |t The relevance and irrelevance of psychological research: The example of prison crowding  |d 1988  |w (DE-627)1912684047 
787 0 8 |i Forschungsdaten zu  |a Maggard, Scott R.  |t Structural Correlates of Race-Specific Drug Sales Arrests Over Time: Arrest Trajectories from 1980-2001  |d [Erscheinungsort nicht ermittelbar] : University of Florida, 2006  |w (DE-627)1912714299 
787 0 8 |i Forschungsdaten zu  |a Maggard, Scott R.  |t Structural Theories and Race-Specific Drug Arrests: What Structural Factors Account for the Rise in Race-Specific Drug Arrests Over Time?  |d 2005  |w (DE-627)1912714752 
856 4 0 |u https://doi.org/10.3886/ICPSR07852.v2  |x Resolving-System  |z kostenfrei  |3 Volltext  |7 0 
935 |a mkri 
951 |a BO 
ELC |a 1 
LOK |0 000 xxxxxcx a22 zn 4500 
LOK |0 001 429681169X 
LOK |0 003 DE-627 
LOK |0 004 1840064013 
LOK |0 005 20230324125323 
LOK |0 008 230324||||||||||||||||ger||||||| 
LOK |0 035   |a (DE-2619)ICPSR7852 
LOK |0 040   |a DE-2619  |c DE-627  |d DE-2619 
LOK |0 092   |o n 
LOK |0 852   |a DE-2619 
LOK |0 852 1  |9 00 
LOK |0 935   |a foda  |a nacj 
LOK |0 939   |a 2023-03-24  |b l01 
OAS |a 1 
ORI |a WA-MARC-krimdoka001.raw